00398pab a2200133 454500008004000000100002100040245008000061260000900141300001200150362000800162650003600170650002800206773003000234180718b2011 xxu||||| |||| 00| 0 eng d aWei, C.X. George aMao's legacy revisited: Its lasting impact on China and Post-Mao era reform c2011 ap.3-27. aJan aChina - Politics and government aPolitics and government aAsian Politics and Policy